01438nam a22003017a 4500003000400000005001700004008003800021020001800059040002500077082001900102100003400121245011400155260005300269300002100322500006400343504003500407590002700442590006800469650003700537650004400574650003400618910004000652942001400692952013500706952014100841952013700982999001701119OSt20220819091529.0100322s2020 dr 000 0 spa d a9789945094626 aDO-SdBNPbspacBNPHU 4a601bS232e2221 aSantana Soriano, Edwin93792010aÉtica, tecnología y sociedad :bpautas para la comprensión de nuestra actualidadcEdwin Santana Soriano aSanto Domingo :bConocimiento para todos,c2020. a178 p. :c21 cm. aIncluye datos biográficos del autor en la contracubierta  aBibliografía : p. : 168-178 aInventariado, 2021/ YL aLa biblioteca posee un (1) ejemplar autografiado por el autor.  4aTecnologíaxFilosofía982176 4aTecnologíaxAspectos sociales 982177 4aTecnología y ética982178 aYL/Validado. Control de calidad MFF 2ddccLBS1 00102ddc51708PDaBNPHUbBNPHUcHDd2020-09-18eDepósito Legal oBNPHU PD 601 S253ep2021-0908r2021-03-17w2021-03-17yLBS1 00102ddc51708PDaBNPHUbBNPHUcHDd2020-09-18eDepósito Legal oBNPHU PD 601 S253e p2021-0909r2021-03-17te. 2w2021-03-17yLBS1 00102ddc56708DSaBNPHUbBNPHUcHDd2020-09-18eEdwin SantanaoBNPHU DS 601 S253e p2021-0910r2021-03-17te. 3w2021-03-17yLBS1 c49589d49589